Bolt / (Record no. 21755)
[ view plain ]
| 000 -LEADER | |
|---|---|
| fixed length control field | 01372nam a2200445 a 4500 |
| 001 - CONTROL NUMBER | |
| control field | 21755 |
| 003 - CONTROL NUMBER IDENTIFIER | |
| control field | CZ PrNK |
| 005 - DATE AND TIME OF LATEST TRANSACTION | |
| control field | 20260309134625.0 |
| 007 - PHYSICAL DESCRIPTION FIXED FIELD--GENERAL INFORMATION | |
| fixed length control field | ta |
| 008 - FIXED-LENGTH DATA ELEMENTS--GENERAL INFORMATION | |
| fixed length control field | 090427s2009 xr a b 000 j slo |
| 015 ## - NATIONAL BIBLIOGRAPHY NUMBER | |
| National bibliography number | cnb001927442 |
| 020 ## - INTERNATIONAL STANDARD BOOK NUMBER | |
| International Standard Book Number | 9788025211311 |
| Qualifying information | (váz.) |
| 035 ## - SYSTEM CONTROL NUMBER | |
| System control number | (OCoLC)403686507 |
| 040 ## - CATALOGING SOURCE | |
| Original cataloging agency | BOA001 |
| Language of cataloging | cze |
| Modifying agency | ABA001 |
| 041 1# - LANGUAGE CODE | |
| Language code of text/sound track or separate title | slo |
| Language code of original | eng |
| 072 #7 - SUBJECT CATEGORY CODE | |
| Subject category code | 821-93 |
| Subject category code subdivision | Literatura pro děti a mládež (beletrie) |
| Source | Konspekt |
| 080 ## - UNIVERSAL DECIMAL CLASSIFICATION NUMBER | |
| Universal Decimal Classification number | 821-93 |
| Edition identifier | MRF |
| 080 ## - UNIVERSAL DECIMAL CLASSIFICATION NUMBER | |
| Universal Decimal Classification number | 821-32 |
| Edition identifier | MRF |
| 080 ## - UNIVERSAL DECIMAL CLASSIFICATION NUMBER | |
| Universal Decimal Classification number | (0:82-32) |
| Edition identifier | MRF |
| 100 1# - MAIN ENTRY--PERSONAL NAME | |
| Personal name | Marsoli, Lisa Ann, |
| Dates associated with a name | 1958- |
| Relationship | aut |
| 245 10 - TITLE STATEMENT | |
| Title | Bolt / |
| Statement of responsibility, etc. | adaptácia Lisa Marsoli ; ilustrácie Andrew Phillipson, Jean-Paul Orpiñas a kolektív výtvarníkov z The [Disney Storybook Artists] |
| 246 30 - VARYING FORM OF TITLE | |
| Title proper/short title | Bolt |
| 250 ## - EDITION STATEMENT | |
| Edition statement | 1. vyd. |
| 260 ## - PUBLICATION, DISTRIBUTION, ETC. | |
| Place of publication, distribution, etc. | V Prahe : |
| Name of publisher, distributor, etc. | Egmont, |
| Date of publication, distribution, etc. | 2009 |
| 300 ## - PHYSICAL DESCRIPTION | |
| Extent | 63 s. : |
| Other physical details | barev. il. ; |
| Dimensions | 29 cm |
| 500 ## - GENERAL NOTE | |
| General note | Přeloženo z angličtiny? |
| 500 ## - GENERAL NOTE | |
| General note | Nad názvem: Disney |
| 655 #7 - INDEX TERM--GENRE/FORM | |
| Genre/form data or focus term | příběhy |
| Source of term | czenas |
| 655 #7 - INDEX TERM--GENRE/FORM | |
| Genre/form data or focus term | publikace pro děti |
| Source of term | czenas |
| 655 #9 - INDEX TERM--GENRE/FORM | |
| Genre/form data or focus term | stories |
| Source of term | eczenas |
| 655 #9 - INDEX TERM--GENRE/FORM | |
| Genre/form data or focus term | children's literature |
| Source of term | eczenas |
| 700 1# - ADDED ENTRY--PERSONAL NAME | |
| Personal name | Phillipson, Andy |
| Relationship | ill |
| 700 1# - ADDED ENTRY--PERSONAL NAME | |
| Personal name | Orpinas, Jean-Paul |
| Relationship | ill |
| 710 2# - ADDED ENTRY--CORPORATE NAME | |
| Corporate name or jurisdiction name as entry element | Walt Disney Enterprises |
| 710 2# - ADDED ENTRY--CORPORATE NAME | |
| Corporate name or jurisdiction name as entry element | Disney Storybook Artists |
| 765 0# - ORIGINAL LANGUAGE ENTRY | |
| Title | Bolt |
| 901 ## - LOCAL DATA ELEMENT A, LDA (RLIN) | |
| b | 9788025211311 |
| f | 1. vyd. |
| o | 20090710 |
| 910 ## - USER-OPTION DATA (OCLC) | |
| User-option data | ABA001 |
| 942 ## - ADDED ENTRY ELEMENTS (KOHA) | |
| Source of classification or shelving scheme | Dewey Decimal Classification |
| Koha item type | Krásna literatúra pre deti |
| Suppress in OPAC | No |
| Stav vyradenia | Strata | Poškodenie | Spôsob nadobudnutia | Domovská knižnica | Aktuálna knižnica | Dátum nadobudnutia | Total checkouts | Čiarový kód exemplára | Date last seen | Typ exemplára |
|---|---|---|---|---|---|---|---|---|---|---|
| Dar | Obecná knižnica Turčianska Štiavnička | Obecná knižnica Turčianska Štiavnička | 09.03.2026 | 4738000365 | 09.03.2026 | Krásna literatúra pre deti |
